000 011800000a22002170004500
001 14445
020 _a986-16-1819-X
041 0 _aSPA
082 0 4 _aG 301.2 B6651i
100 1 _aBock, Philip K.
245 1 0 _aIntroducción a la moderna antropología cultural / Philip K. Bock ; Carmen González de Chuaqui, Traductor
260 _aMéxico : Fondo de Cultura Económica
300 _a584 Pág.
500 _aTítulo original: Modern cultural anthropology : an introduction
505 0 0 _a- ¿Qué es el hombre? - Aprendiendo a ser humano: Aprendiendo una lengua; El proceso de enculturación - Sistemas sociales: Tipos de personas; Tipos de grupos; Tiempo social y espacio social; Estabilidad y cambio - Sistemas tecnológicos: Las herramientas y las necesidades humanas; Técnicas y habilidades - Sistemas ideológicos: Sistema de creencias; Sistemas de valores; - El antropólogo en acción: Métodos para el trabajo de campo; Métodos comparativos - Epílogo: El estudio apropiado de la humanidad
650 1 4 _aANTROPOLOGIA CULTURAL
942 _cBK
999 _c43308
_d43308
336 _atexto
_btxt
_2rdacontent
337 _2rdamedia
_asin mediación
_bn
338 _2rdacarrier
_avolumen
_bnc